Caracterización de la educación y capacitación que se ofrece para el desarrollo del sector agropecuario: Argentina - Chile - Paraguay - Uruguay
Salvato in:
| Ente Autore: | |
|---|---|
| Natura: | Libro |
| Lingua: | spagnolo |
| Pubblicazione: |
Santiago
Instituto Interamericano de Cooperación para la Agricultura
2007
|
| Edizione: | 1a. ed |
| Soggetti: | |
| Tags: |
Aggiungi Tag
Nessun Tag, puoi essere il primo ad aggiungerne!!
|
MARC
| LEADER | 00000cam a2200000 a 4500 | ||
|---|---|---|---|
| 001 | UCD9568 | ||
| 003 | CL-VaPUC | ||
| 008 | 170626e20070000cl |||||||||||||||||spa|d | ||
| 020 | |a 9789562120289 | ||
| 082 | 0 | 4 | |a 630.715 |b OBS |2 21 |
| 110 | 2 | |a Observatorio de Educación y Capacitación del IICA en la Región Sur |e author |9 593226 | |
| 245 | 1 | 0 | |a Caracterización de la educación y capacitación que se ofrece para el desarrollo del sector agropecuario: Argentina - Chile - Paraguay - Uruguay |
| 250 | |a 1a. ed | ||
| 300 | |a 244 p | ||
| 942 | |c BK | ||
| 945 | |d 20170626 01:10:00 |a arojas | ||
| 260 | |a Santiago |b Instituto Interamericano de Cooperación para la Agricultura |c 2007 | ||
| 650 | 7 | |a INVESTIGACION AGRICOLA |2 CL-VaPUC |9 593227 | |
| 650 | 7 | |a DESARROLLO AGRICOLA |2 CL-VaPUC |9 259759 | |
| 650 | 7 | |a CAPACITACION AGRICOLA |2 CL-VaPUC |9 420264 | |
| 650 | 7 | |a TRABAJADORES AGRICOLAS |2 CL-VaPUC |9 315709 | |
| 583 | |a last modification |c 20170626 01:10:00 |k Rodrigo Vera | ||
| 999 | |c 368679 |d 368677 | ||
| 952 | |0 0 |1 0 |3 erb |4 0 |6 630_715000000000000_OBS_2007 |7 0 |8 A |9 484080 |a BIBAGR |b BIBAGR |i 540133K |o 630.715 OBS 2007 |p 540133K |r 2025-01-20 |w 2019-11-24 |y BK |z Catalogado en:20170626 |k AGR | ||